| 000 | 00536nam a2200217Ia 4500 | ||
|---|---|---|---|
| 001 | 13905 | ||
| 003 | GE_BSU | ||
| 008 | 181216s||||||||xx |||||||||||||| ||und|| | ||
| 020 | _a100765355027 | ||
| 040 | _cGE_BSU | ||
| 080 | _a821.111-3 | ||
| 100 | _aGreeley,Andrew M. | ||
| 245 | 4 | _aThe bishop at the lake. | |
| 245 | 2 | _bA Blackie Ryan novel. | |
| 260 | _aNew York. | ||
| 260 | _bA Tom Doherty Associates Book. | ||
| 260 | _c2007 | ||
| 300 | _a301p;18cm. | ||
| 653 | _aThe bishop at the lake.A Blackie Ryan novel. | ||
| 942 | _cBK | ||
| 999 |
_c47048 _d47048 |
||